000 00980nam a22002297a 4500
005 20170124103213.0
010 _aA-875690
020 _c200.00
035 _aA-875690
037 _bCen Lib/Ret
040 _aDPL
_bHN
082 _a238
_bसत्यार्थ
245 _aसत्यार्थप्रकाशः /
_cअनुवादक जगदीश्वरानन्द सरस्वती
246 _aSatyarthprakashah /
_banuvadak Jagdishwaranand Saraswati
260 _aदिल्ली
_bभगवती प्रकाशन
_c1995
270 _bदिल्ली
_aएच 1/2, मॉडल टाउन
_e110008
300 _axiii,449पृ.
_c24सेमी(सजिल्द)
650 _aहिन्दू धर्म
_x
_z
_996876
650 _aHindu religion
_996877
700 _aसरस्वती, जगदीश्वरानन्द
_951301
942 _2ddc
_cHN
_h238
_mसत्यार्थ
999 _c121383
_d121383